000 00575nam a2200217 a 4500
001 1426770
005 20180131045710.0
008 850517s1985 maua b 001 0 eng
010 _a 84080474
020 _a0395342414
040 _aDLC
_cDLC
_dDLC
041 _aeng
080 _a330.1 PAU
082 0 0 _a330.1 PAU
_219
100 1 _a52
101 _aECO
245 1 0 _aComparative economic systems /
_cPaul R. Gregory, Robert C. Stuart.
504 _aIncludes bibliographies and index.
906 _a7
_bcbc
_corignew
_d3
_eopcn
_f19
_gy-gencatlg
942 _2ddc
_cBK
999 _c41357
_d41357